Specialist cost update (Record no. 77885)

MARC details
000 -LEADER
fixed length control field 00805cab a2200229 4500
001 - CONTROL NUMBER
control field ##L135399
008 - FIXED-LENGTH DATA ELEMENTS--GENERAL INFORMATION
fixed length control field 061023n2006 000 0 eng u
035 ## - SYSTEM CONTROL NUMBER
System control number (Sirsi) u135399
041 0# - LANGUAGE CODE
Language code of text/sound track or separate title eng
100 1# - MAIN ENTRY--PERSONAL NAME
Personal name Smith, Duncan
245 00 - TITLE STATEMENT
Title Specialist cost update
Remainder of title envelope
260 ## - PUBLICATION, DISTRIBUTION, ETC.
Date of publication, distribution, etc. 2006
490 #0 - SERIES STATEMENT
Series statement Building
Volume/sequential designation 267(8452) 20 October 2006, 64-68(5)
520 ## - SUMMARY, ETC.
Summary, etc. Reviews the latest trends and costs in curtain walling, roofing and stone construction. Provides market overviews, hot topics (managing risk for curtain walling and labour rates for roofing), lead times and costs.
590 ## - LOCAL NOTE (RLIN)
Local note IKA311006
651 #4 - SUBJECT ADDED ENTRY--GEOGRAPHIC NAME
Geographic name United Kingdom
Chronological subdivision
690 ## - LOCAL SUBJECT ADDED ENTRY--TOPICAL TERM (OCLC, RLIN)
Topical term or geographic name as entry element BUILT ENVIRONMENT-BUILDING COSTS
700 1# - ADDED ENTRY--PERSONAL NAME
Personal name Saunders, Phil
700 1# - ADDED ENTRY--PERSONAL NAME
Personal name Harding, David
710 2# - ADDED ENTRY--CORPORATE NAME
Corporate name or jurisdiction name as entry element Gardiner and Theobald
9 (RLIN) 719
942 ## - ADDED ENTRY ELEMENTS (KOHA)
Suppress in OPAC 0
Holdings
Withdrawn status Lost status Source of classification or shelving scheme Damaged status Not for loan Home library Current library Shelving location Date acquired Total Checkouts Full call number Barcode Date last seen Copy number Price effective from Koha item type
    Dewey Decimal Classification     London London Journal article 23/10/2006   L135399 135399-1001 06/08/2019 1 06/08/2019 Journal article